|
|
|
|
| LEADER |
01300nam a2200289 a 4500 |
| 001 |
1069632 |
| 003 |
BD-DhAAL |
| 008 |
090713r20021991enk b 001 1 eng d |
| 999 |
|
|
|c 2368
|d 2368
|
| 010 |
|
|
|a 91013985
|
| 020 |
|
|
|a 0415063884
|
| 040 |
|
|
|a DLC
|c DLC
|d DLC
|d BD-DhAAL
|
| 082 |
0 |
0 |
|a 821.7
|2 20
|
| 100 |
1 |
|
|a Wordsworth, William,
|d 1770-1850.
|9 28673
|
| 245 |
1 |
0 |
|a Lyrical ballads /
|c Wordsworth and Coleridge ; the text of the 1798 edition with the additional 1800 poems and the prefaces edited with introduction, notes and appendices by R. L. Brett and A. R. Jones.
|
| 250 |
|
|
|a 2nd ed.
|
| 260 |
|
|
|a London ;
|a New York :
|b Routledge,
|c 1991.[reprinted 2002]
|
| 300 |
|
|
|a liv, 346 pages ;
|c 20 cm.
|
| 500 |
|
|
|a Originally published: London : Methuen, 1963. Originally published in series: University paperpacks ; UP277.
|
| 504 |
|
|
|a Includes bibliographical references and indexes.
|
| 541 |
1 |
|
|e 00016613
|
| 700 |
1 |
|
|a Coleridge, Samuel Taylor,
|d 1772-1834.
|9 28674
|
| 700 |
1 |
|
|a Brett, R. L.
|9 28675
|
| 700 |
1 |
|
|a Jones, Alun R.
|q (Alun Richard)
|9 28676
|
| 852 |
4 |
|
|a Ayesha Abed Library
|j General Stacks
|
| 942 |
|
|
|2 ddc
|c BK
|
| 952 |
|
|
|0 0
|1 0
|2 ddc
|4 0
|6 821_700000000000000_LYR
|7 0
|9 2190
|a BRACUL
|b BRACUL
|c GEN
|d 2009-07-13
|g 2910.00
|l 7
|m 1
|o 821.7 LYR
|p 3010016613
|r 2025-12-23
|s 2025-10-12
|t 1
|w 2009-07-13
|y BK
|